Native American Tribe in the Answer - Statistics

General Stats
  • This quiz has been taken 233 times
  • The average score is 13 of 20
Answer Stats
Hint Answer % Correct
Capital of Canada {Ottawa}
98%
Lynyrd Skynyrd's most famous song Sweet Home {Alabama}
96%
Set of local laws in the Southern U.S. that enforced racial segregation Jim {Crow}
85%
Deadliest of the D-Day beaches {Omaha} Beach
80%
Popular type of SUV cars manufactured by Jeep Jeep {Cherokee}
77%
NBA team that Shaquille O'Neal played for between 2004–2008 {Miami} Heat
77%
Lead actress in "Fifty Shades of Grey" {Dakota} Johnson
74%
Largest Indian reservation in the United States {Navajo} Nation
74%
Capital of Wyoming {Cheyenne}
73%
Nickname of Erwin Rommel Desert {Fox}
70%
Hairstyle that Robert de Niro had in the movie "Taxi Driver" {Mohawk}
67%
Word for a type of stream that is a bit smaller than a river {Creek}
62%
Confederation of six northeast Native American tribes {Iroquois} Confederacy
62%
George Washington crossed this river to launch a surprise attack on Trenton in 1776 {Delaware} River
60%
Something that is considered "cute" in the Japanese culture {Kaw}aii
55%
Most populous city in the state of Kansas {Wichita}
51%
Lake where the world's largest lake island is situated Lake {Huron}
47%
Fictional city in Indiana where "Parks and Recreation" takes place {Pawnee}
33%
A design composed of one or more letters, used as an identifying mark {Mono}gram
27%
Black comedy-drama movie starring Meryl Streep and Julia Roberts August: {Osage} County
23%
No matching quizzes found
Score Distribution
Percent of People with Each Score
Percentile by Number Answered
Your Score History
You have not taken this quiz